MARC

LEADER 00000nam0a2200000 4500
001 305634
005 20231102001823.0
020 |a RU  |b 83-61642 
035 |a (RuTPU)RU\TPU\book\330906 
090 |a 305634 
100 |a 20150929d1983 km y0rusy5003 ca 
101 0 |a rus 
102 |a RU 
105 |a a z 001zy 
200 1 |a Моделирование в планировании гражданской авиации  |f Р. В. Сакач [и др.] 
210 |a Москва  |c Транспорт  |d 1983 
215 |a 173 с.  |c ил. 
320 |a Библиогр.: с.170-172 
606 1 |a Воздушный флот,гражданский  |x Предприятия  |2 stltpush  |3 (RuTPU)RU\TPU\subj\3463  |9 31885 
610 1 |a планирование 
610 1 |a моделирование 
610 1 |a человеко-машинное управление 
610 1 |a прогнозирование 
610 1 |a территориальное планирование 
610 1 |a оптимизационные задачи 
610 1 |a принятие решений 
610 1 |a иммитационные модели 
675 |a 656.7.06  |v 3 
701 1 |a Сакач  |b Р. В.  |g Радий Владимирович 
701 1 |a Пинаев  |b Е. Г. 
701 1 |a Гладышевская  |b Г. Н. 
701 1 |a Косиченко  |b Е. Ф. 
801 0 |a RU  |b RuMRKP  |c 19950704  |g psbo 
801 1 |a RU  |b 63413507  |c 20150929 
801 2 |a RU  |b 63413507  |c 20190708  |g RCR 
942 |c BK